Good character matters grade 10 (Record no. 7995)

MARC details
000 -LEADER
fixed length control field 00510nam a22001697a 4500
003 - CONTROL NUMBER IDENTIFIER
control field OSt
005 - DATE AND TIME OF LATEST TRANSACTION
control field 20260129070923.0
008 - FIXED-LENGTH DATA ELEMENTS--GENERAL INFORMATION
fixed length control field 260129b |||||||| |||| 00| 0 eng d
020 ## - INTERNATIONAL STANDARD BOOK NUMBER
International Standard Book Number 978-971-07-3767-3
040 ## - CATALOGING SOURCE
Original cataloging agency DWCL-Main
Transcribing agency OC
082 ## - DEWEY DECIMAL CLASSIFICATION NUMBER
Classification number Fil.170 J11g 2016
100 ## - MAIN ENTRY--PERSONAL NAME
Personal name Diaz, Jade M.
245 ## - TITLE STATEMENT
Title Good character matters grade 10
260 ## - PUBLICATION, DISTRIBUTION, ETC.
Place of publication, distribution, etc. Quezon City, Manila :
Name of publisher, distributor, etc. Vibal Group,
Date of publication, distribution, etc. c2016
504 ## - BIBLIOGRAPHY, ETC. NOTE
Bibliography, etc. note Includes glossary and bibliographical references
942 ## - ADDED ENTRY ELEMENTS (KOHA)
Source of classification or shelving scheme Dewey Decimal Classification
Koha item type Book-Filipiniana
Item part c1
Suppress in OPAC No
952 ## - LOCATION AND ITEM INFORMATION (KOHA)
--
Holdings
Withdrawn status Lost status Source of classification or shelving scheme Damaged status Not for loan Home library Current library Shelving location Date acquired Total Checkouts Full call number Barcode Date last seen Copy number Price effective from Koha item type Uniform Resource Identifier
    Dewey Decimal Classification     Junior High School Library Junior High School Library Filipiniana 01/29/2026   Fil.170 J11g 2016 JHS - 20918 01/29/2026 c1 01/29/2026 BK - FIL